[Event "Niedersachsen-ch U16"]
[Site "Rotenburg"]
[Date "2008.03.16"]
[Round "3"]
[White "Woellermann, Jan"]
[Black "Orschulik, Nils"]
[Result "1-0"]
[WhiteElo "1895"]
[BlackElo "1985"]
[PlyCount "45"]
[EventDate "2008.03.15"]
[EventType "swiss"]
[EventRounds "9"]
[EventCountry "GER"]
[SourceTitle "EXT 2009"]
[Source "ChessBase"]
[SourceDate "2008.11.26"]
[SourceVersion "1"]
[SourceVersionDate "2008.11.26"]
[SourceQuality "1"]

1. e4 e6 2. d4 d5 3. Nc3 Bb4 4. e5 c5 5. Qg4 Ne7 6. dxc5 Bxc3+ 7. bxc3 Qc7 8. Nf3 Qxc5 9. Bd2 Ng6 10. Bd3 Nc6 11. 0-0 Bd7 12. Rfe1 Nce7 13. Qg3 Qc7 14. h4 h5 15. Ng5 Bc6 16. Qf3 Rf8 17. Qxh5 0-0-0 18. Nxf7 Rxf7 19. Bxg6 Nxg6 20. Qxg6 Qd7 21. Be3 a6 22. Qd3 Rh8 23. Qd4 1-0

[Event "Niedersachsen-ch U16"]
[Site "Rotenburg"]
[Date "2008.03.15"]
[Round "1"]
[White "Dorn, Carina"]
[Black "Orschulik, Nils"]
[Result "1/2-1/2"]
[WhiteElo "1749"]
[BlackElo "1985"]
[PlyCount "98"]
[EventDate "2008.03.15"]
[EventType "swiss"]
[EventRounds "9"]
[EventCountry "GER"]
[SourceTitle "EXT 2009"]
[Source "ChessBase"]
[SourceDate "2008.11.26"]
[SourceVersion "1"]
[SourceVersionDate "2008.11.26"]
[SourceQuality "1"]

1. d4 e6 2. c4 f5 3. Nc3 d5 4. Bf4 c6 5. e3 Nf6 6. Nf3 Be7 7. Bd3 0-0 8. 0-0 Ne4 9. Qc2 g5 10. Be5 Nd7 11. Nd2 Nxe5 12. dxe5 Nxd2 13. Rfd1 Qc7 14. Rxd2 Qxe5 15. Qb3 Qc7 16. Rc2 Qb6 17. Qxb6 axb6 18. Rd1 Bd7 19. Be2 Be8 20. h3 Bg6 21. Rcd2 h5 22. g3 Kg7 23. a3 Bf6 24. Rc1 Rfd8 25. f3 Kf8 26. Kg2 Ke7 27. Kf1 Bf7 28. Ke1 Rac8 29. Bf1 e5 30. cxd5 cxd5 31. Nxd5+ Bxd5 32. Rxc8 Rxc8 33. Rxd5 Rc2 34. Rd2 Rxd2 35. Kxd2 f4 36. gxf4 exf4 37. exf4 gxf4 38. b3 Bb2 39. a4 Kd6 40. Bc4 h4 41. Kd3 Ke5 42. Bb5 Ba3 43. Bd7 Bc5 44. Bc8 b5 45. Bxb7 bxa4 46. bxa4 Bb6 47. Kc4 Kd6 48. Kb5 Be3 49. a5 Bf2 1/2-1/2

[Event "GER-ch U25"]
[Site "Willingen"]
[Date "2007.06.01"]
[Round "9"]
[White "Nuber, Blasius"]
[Black "Orschulik, Nils"]
[Result "1/2-1/2"]
[WhiteElo "2026"]
[BlackElo "1753"]
[PlyCount "78"]
[EventDate "2007.05.26"]
[EventType "swiss"]
[EventRounds "9"]
[EventCountry "GER"]
[SourceTitle "CBM 118 Extra"]
[Source "ChessBase"]
[SourceDate "2007.07.04"]
[SourceVersion "1"]
[SourceVersionDate "2007.07.04"]
[SourceQuality "1"]

1. e4 d5 2. Nc3 d4 3. Nce2 c5 4. d3 Nc6 5. f4 Bg4 6. h3 Bxe2 7. Qxe2 e6 8. Nf3 Be7 9. g3 Nf6 10. Bg2 Rc8 11. 0-0 0-0 12. g4 Nd7 13. e5 Nb6 14. Nd2 Nd5 15. Ne4 Qc7 16. g5 Kh8 17. Qh5 g6 18. Qh6 Rg8 19. Nf6 Bxf6 20. gxf6 Ne3 21. Bxe3 dxe3 22. c3 Rcd8 23. Be4 Qb6 24. b3 c4 25. bxc4 e2+ 26. Rf2 Qe3 27. Re1 Qg3+ 28. Bg2 Rxd3 29. Rexe2 Rd1+ 30. Rf1 Rxf1+ 31. Kxf1 Qxc3 32. Bxc6 bxc6 33. c5 Qxc5 34. Rd2 Qb5+ 35. Kg2 Qb8 36. Rd7 Qe8 37. Re7 Qd8 38. Rxf7 Qd2+ 39. Kf3 Qd3+ 1/2-1/2

[Event "GER-ch U25"]
[Site "Willingen"]
[Date "2007.05.29"]
[Round "6"]
[White "Koksch, Florian"]
[Black "Orschulik, Nils"]
[Result "0-1"]
[WhiteElo "1870"]
[BlackElo "1753"]
[PlyCount "98"]
[EventDate "2007.05.26"]
[EventType "swiss"]
[EventRounds "9"]
[EventCountry "GER"]
[SourceTitle "CBM 118 Extra"]
[Source "ChessBase"]
[SourceDate "2007.07.04"]
[SourceVersion "1"]
[SourceVersionDate "2007.07.04"]
[SourceQuality "1"]

1. e4 d5 2. exd5 Qxd5 3. Nc3 Qa5 4. Bc4 Nf6 5. d3 Nc6 6. Nf3 Bg4 7. Bd2 Qc5 8. Nb5 Ne5 9. d4 Nxf3+ 10. gxf3 Qxc4 11. Na3 Qe6+ 12. Be3 Bh5 13. Qd2 Qc6 14. Rg1 Bxf3 15. Rg3 Bd5 16. c4 Bxc4 17. Nxc4 Qxc4 18. Rc1 Qd5 19. Rxc7 Ne4 20. Qc2 Nxg3 21. Rc8+ Rxc8 22. Qxc8+ Qd8 23. Qxb7 f6 24. Qc6+ Kf7 25. hxg3 Qa5+ 26. Bd2 Qxa2 27. d5 Qb1+ 28. Ke2 Qe4+ 29. Kd1 g5 30. f4 h6 31. b4 Bg7 32. Qd7 a6 33. d6 Qe6 34. Qxe6+ Kxe6 35. dxe7 Kxe7 36. fxg5 fxg5 37. g4 Rd8 38. Ke2 Rxd2+ 39. Kxd2 Ke6 40. Ke3 Bc3 41. b5 axb5 42. Kd3 b4 43. Ke4 b3 44. Kf3 b2 45. Ke3 b1Q 46. Ke2 Qe4+ 47. Kd1 Qd3+ 48. Kc1 Qd2+ 49. Kb1 Qb2# 0-1

[Event "Niedersachsen-chT U16"]
[Site "Stade"]
[Date "2007.05.17"]
[Round "1.2"]
[White "Orschulik, Nils"]
[Black "Tenninger, Marc"]
[Result "1-0"]
[WhiteElo "1753"]
[BlackElo "1605"]
[PlyCount "37"]
[EventDate "2007.05.17"]
[EventType "team-tourn"]
[EventRounds "7"]
[EventCountry "GER"]
[SourceTitle "EXT 2008"]
[Source "ChessBase"]
[SourceDate "2007.11.25"]
[SourceVersion "1"]
[SourceVersionDate "2007.11.25"]
[SourceQuality "1"]

1. e4 c6 2. d4 d5 3. exd5 cxd5 4. Nc3 Bf5 5. Bf4 e6 6. Bd3 Bxd3 7. Qxd3 Bd6 8. Qb5+ Nc6 9. Qxb7 Nxd4 10. Bxd6 Nxc2+ 11. Kd1 Nxa1 12. Qc6+ Qd7 13. Qxa8+ Qd8 14. Qxd8+ Kxd8 15. Nf3 Kd7 16. Bf8 Ne7 17. Bxe7 Kxe7 18. Kd2 Rb8 19. Kc1 1-0

[Event "Niedersachsen-ch U16"]
[Site "Rotenburg/Wuemme"]
[Date "2007.04.04"]
[Round "7"]
[White "Orschulik, Nils"]
[Black "Kusmierek, Phillip"]
[Result "1-0"]
[WhiteElo "1600"]
[BlackElo "1937"]
[PlyCount "107"]
[EventDate "2007.03.31"]
[EventType "swiss"]
[EventRounds "9"]
[EventCountry "GER"]
[SourceTitle "EXT 2008"]
[Source "ChessBase"]
[SourceDate "2007.11.25"]
[SourceVersion "1"]
[SourceVersionDate "2007.11.25"]
[SourceQuality "1"]

1. e4 c5 2. Nf3 d6 3. d4 cxd4 4. Nxd4 Nf6 5. Nc3 a6 6. f3 e6 7. Be3 b5 8. Qd2 Bb7 9. g4 Nfd7 10. h4 Nb6 11. h5 N8d7 12. g5 Ne5 13. b3 Rc8 14. Rc1 d5 15. Bg2 Bb4 16. Nde2 Qc7 17. Bd4 Ned7 18. f4 dxe4 19. 0-0 0-0 20. Qe3 Nd5 21. Nxd5 exd5 22. Ng3 Bc3 23. Bh3 Bxd4 24. Qxd4 Rcd8 25. Kh2 Qc5 26. Qb2 Nb8 27. Nf5 d4 28. c4 b4 29. Rcd1 Nc6 30. h6 g6 31. Ng3 Rfe8 32. Rfe1 Nb8 33. Bg2 Qd6 34. Qc1 f5 35. gxf6 Qxf6 36. Bxe4 Qh4+ 37. Kg2 Bxe4+ 38. Nxe4 Rf8 39. Rf1 Qxh6 40. c5 Qh5 41. Qc4+ Qd5 42. Rxd4 Qxc4 43. Rxc4 Nc6 44. Nd6 Rd7 45. Re1 Kg7 46. Rce4 a5 47. Kf3 h6 48. Ke3 Ne7 49. Kd4 Nf5+ 50. Kd5 Rf6 51. Re6 Rxe6 52. Rxe6 Rd8 53. c6 Kf8 54. c7 1-0

[Event "Niedersachsen-ch"]
[Site "Verden"]
[Date "2006.01.05"]
[Round "2"]
[White "Orschulik, Nils"]
[Black "Schneider, Matthias"]
[Result "0-1"]
[WhiteElo "1279"]
[BlackElo "1676"]
[PlyCount "70"]
[EventDate "2006.01.??"]
[EventType "swiss"]
[EventRounds "7"]
[EventCountry "GER"]
[SourceTitle "CBM 110 Extra"]
[Source "ChessBase"]
[SourceDate "2006.03.10"]
[SourceVersion "2"]
[SourceVersionDate "2006.03.10"]
[SourceQuality "1"]

1. e4 c5 2. Nf3 d6 3. d4 Nf6 4. Nc3 cxd4 5. Nxd4 a6 6. f3 e6 7. Be3 Be7 8. Qd2 Qc7 9. 0-0-0 Nc6 10. g4 Nd7 11. Bg5 Nxd4 12. Bxe7 Nxf3 13. Qxd6 Qxd6 14. Bxd6 Nf6 15. h3 Ng5 16. Bg2 h6 17. e5 Nd7 18. h4 Nh7 19. g5 Nhf8 20. Be4 Ra7 21. Rhf1 hxg5 22. hxg5 Rh5 23. g6 Nxg6 24. Bxg6 fxg6 25. Rh1 b5 26. Rxh5 gxh5 27. Rh1 g6 28. Rf1 Bb7 29. Ne2 Be4 30. Ng3 Bf5 31. Nxf5 exf5 32. e6 Nf6 33. Rd1 Ne4 34. Rg1 Nxd6 35. Rxg6 Rh7 0-1